[Event "Elista ol (Men)"]
[Site "Elista"]
[Date "1998.10.10"]
[Round "11"]
[White "Short, Nigel D"]
[Black "Shabalov, Alexander"]
[Result "1/2-1/2"]
[WhiteElo "2670"]
[BlackElo "2645"]

1.e4 c5 2.Nf3 Nc6 3.Bb5 e6 4.O-O Nge7 5.c3 a6 6.Ba4 c4 7.d4 cxd3 8.Qxd3 Ng6
9.Bxc6 bxc6 10.c4 Be7 11.Nc3 Qc7 12.Be3 c5 13.Rad1 O-O 14.Rd2 f6 15.Rfd1 Rf7
16.Qc2 Bf8 17.Qa4 Rb8 18.a3 Ne7 19.Ne1 Nc6 20.Nd3 Na5 21.Nc1 d6 22.N3e2 e5
23.Qc2 Be6 24.b3 Nc6 25.Nc3 Nd4 26.Bxd4 cxd4 27.Nd5 Bxd5 28.cxd5 Qa5 29.Qa2 Rc8
30.b4 Qb5 31.Nd3 f5 32.exf5 Rxf5 33.a4 Qd7 34.Re1 Rc3 35.Qb1 Qf7 36.b5 axb5
37.Qxb5 Rg5 38.Kh1 Qg6 39.f3 Rh5 40.h3 Qg3 41.Rf1 Rf5 42.Re2 Rf7  1/2-1/2

[Event "National Congress 29th"]
[Site "Philadelphia"]
[Date "1998.11.28"]
[Round "4"]
[White "Shabalov, Alexander"]
[Black "Zamora, Jorge"]
[Result "1-0"]
[WhiteElo "2645"]
[BlackElo "2410"]

1.d4 d5 2.c4 c6 3.Nf3 Nf6 4.Nc3 e6 5.Bg5 dxc4 6.e4 b5 7.e5 h6 8.Bh4 g5 9.Nxg5 hxg5
10.Bxg5 Nbd7 11.exf6 Bb7 12.g3 Qb6 13.Bg2 O-O-O 14.O-O Ne5 15.dxe5 Rxd1 16.Raxd1 b4
17.Ne4 c5 18.Bf4 a5 19.Rd2 a4 20.Rfd1 Bd5 21.Rxd5 exd5 22.Ng5 d4 23.Nxf7 Rg8
24.Bh3+ Kb7 25.e6 b3 26.axb3 cxb3 27.e7 Bxe7 28.fxe7 Qg6 29.Nd6+ Kc6 30.Re1 a3
31.Nc4  1-0

[Event "New York op"]
[Site "New York"]
[Date "1998.??.??"]
[Round "1"]
[White "Shabalov, Alexander"]
[Black "Aboudi, Marwan"]
[Result "1-0"]
[WhiteElo "2615"]
[BlackElo "2275"]

1.e4 c5 2.Nf3 Nc6 3.d4 cxd4 4.Nxd4 Nf6 5.Nc3 e5 6.Ndb5 d6 7.Bg5 a6 8.Na3 b5
9.Nd5 Be7 10.Bxf6 Bxf6 11.c3 Bb7 12.Nc2 Ne7 13.Nxf6+ gxf6 14.Bd3 d5 15.exd5 Qxd5
16.Ne3 Qe6 17.Qh5 e4 18.Bc2 f5 19.O-O-O Rc8 20.Bb3 Qf6 21.Rd6 Qg7 22.Rhd1 b4
23.Ba4+ Bc6 24.Bxc6+ Nxc6 25.Nxf5 Qxg2 26.Re6+ Kf8 27.Rxc6  1-0

[Event "New York op"]
[Site "New York"]
[Date "1998.??.??"]
[Round "9"]
[White "Shabalov, Alexander"]
[Black "Magem Badals, Jorge"]
[Result "1-0"]
[WhiteElo "2615"]
[BlackElo "2535"]

1.e4 c6 2.d4 d5 3.f3 g6 4.Nc3 Bg7 5.Be3 Qb6 6.Qd2 Qxb2 7.Rb1 Qa3 8.exd5 Nf6
9.dxc6 bxc6 10.Bc4 Ba6 11.Rb3 Qa5 12.Bxa6 Qxa6 13.Bh6 O-O 14.h4 Nbd7 15.h5 e5
16.Bxg7 Kxg7 17.Nge2 exd4 18.Nxd4 Rfe8+ 19.Kf2 Rad8 20.Qf4 Qa5 21.hxg6 fxg6
22.Kg3 Re5 23.Rb7 Kg8 24.Rxd7 Nxd7 25.Ne4 Rxe4 26.Qxe4 Qg5+ 27.Kf2 Qd2+ 28.Ne2 Nf8
29.Qxc6 Rd6 30.Qc4+ Kg7 31.Rh4 Qa5 32.Re4 Qb6+ 33.Kg3 Ne6 34.Nf4 Ng5 35.Re7+ Kf8
36.Rc7 Rf6  1-0

[Event "World op"]
[Site "Philadelphia"]
[Date "1998.??.??"]
[Round "6"]
[White "Shabalov, Alexander"]
[Black "Blocker, Calvin"]
[Result "1-0"]
[WhiteElo "2615"]
[BlackElo "2380"]

1.d4 Nf6 2.c4 e6 3.Nc3 Bb4 4.e3 c5 5.Bd3 Nc6 6.Nf3 O-O 7.O-O Bxc3 8.bxc3 d6
9.Rb1 b6 10.Nd2 e5 11.d5 Ne7 12.e4 h6 13.g3 g5 14.Re1 Nh7 15.Nf1 f5 16.f4 exf4
17.gxf4 fxe4 18.Bxe4 gxf4 19.Rb2 Kh8 20.Qh5 Rg8+ 21.Rg2 Qf8 22.Bxh7 Kxh7
23.Bxf4 Rxg2+ 24.Kxg2 Qg7+ 25.Ng3 Nf5 26.Kf2 Nxg3 27.hxg3 Bg4 28.Qh4 Rf8  1-0

[Event "Nova Gorica op"]
[Site "Nova Gorica"]
[Date "1999.01.31"]
[Round "4"]
[White "Shabalov, Alexander"]
[Black "Jurkovic, Ante"]
[Result "1/2-1/2"]
[WhiteElo "2620"]
[BlackElo "2309"]

1.e4 e6 2.d4 d5 3.Nc3 Nf6 4.e5 Nfd7 5.Nce2 c5 6.c3 Nc6 7.f4 Qb6 8.Nf3 f6
9.a3 cxd4 10.Nexd4 fxe5 11.Nxe6 e4 12.Nfd4 Nf6 13.Be2 Nxd4 14.Nxd4 Bc5 15.O-O O-O
16.Kh1 Bd7 17.a4 Bxd4 18.a5 Qc5 19.cxd4 Qb4 20.b3 Rf7 21.f5 Bb5 22.Bxb5 Qxb5
23.h3 Rc8 24.Bg5 Rc3 25.Bxf6 Rxf6 26.Qg4 h6 27.Qf4 Kh7 28.Rfc1 Qxb3 29.Rcb1 Qc4
30.Rxb7 Qxd4 31.Rf1 Qe3 32.Rd7 Qxf4 33.Rxf4 e3 34.Rg4 Kh8 35.Rgxg7 Rxf5 36.Rh7+ Kg8
37.Rdg7+ Kf8 38.Rxa7 Kg8 39.Rag7+ Kf8 40.Rd7 Kg8 41.Rhe7 Ra3 42.Rd8+ Rf8
43.Rxd5 Rf7 44.Re6 Ra7 45.Kh2 R3xa5 46.Rdd6 Rg5 47.Rxe3 Ra2  1/2-1/2

[Event "Nova Gorica op"]
[Site "Nova Gorica"]
[Date "1999.02.01"]
[Round "5"]
[White "Srebrnic, Vojko"]
[Black "Shabalov, Alexander"]
[Result "0-1"]
[WhiteElo "2248"]
[BlackElo "2620"]

1.e4 c5 2.Nf3 Nc6 3.d4 cxd4 4.Nxd4 e5 5.Nb5 d6 6.N1c3 a6 7.Na3 b5 8.Nd5 Nce7
9.c4 Nxd5 10.cxd5 Nf6 11.Bd3 Be7 12.O-O O-O 13.Nc2 Bg4 14.f3 Bd7 15.Be3 Nh5
16.Qd2 a5 17.Na3 Rb8 18.Rfc1 Nf4 19.Bf1 f5 20.g3 Ng6 21.exf5 Rxf5 22.Bg2 Bg5
23.Nc2 Bxe3+ 24.Nxe3 Qb6 25.Qf2 Rff8 26.Nd1 Qb7 27.Nc3 Rbd8 28.Qd2 Ne7 29.Rd1 Nf5
30.Kh1 Qb6 31.Re1 Nd4 32.Rf1 b4 33.Ne4 Bb5 34.Rf2 Bc4 35.f4 Bxd5 36.Nf6+ gxf6
37.Bxd5+ Kh8 38.fxe5 dxe5 39.Qh6 Qd6 40.Be4 f5 41.Qxd6 Rxd6 42.Raf1 Rdf6
43.a3 Kg7 44.Bd5 Kg6 45.Rd1 Rd6 46.Bc4 Rc8 47.Bf1 Rc2 48.Kg1 e4 49.Rdd2  0-1

[Event "Nova Gorica op"]
[Site "Nova Gorica"]
[Date "1999.02.03"]
[Round "7"]
[White "Laketic, Gojko"]
[Black "Shabalov, Alexander"]
[Result "1/2-1/2"]
[WhiteElo "2396"]
[BlackElo "2620"]

1.e4 c5 2.c3 d5 3.exd5 Qxd5 4.d4 g6 5.Nf3 Bg7 6.Be3 cxd4 7.cxd4 Bh6 8.Qc1 Bg4
9.Bxh6 Nxh6 10.Qxh6 Bxf3 11.gxf3 Nc6 12.Nc3 Qxf3 13.Rg1 Nxd4 14.Be2 Qf6 15.Rc1 Rd8
16.Qg5 Qb6 17.Bb5+ Kf8 18.Rg3 a6 19.Bc4 Nf5 20.Rd3 Kg7 21.Qd2 Rxd3 22.Bxd3 Rd8
23.Ne2 e5 24.Qc3 Nd4 25.Nxd4 Rxd4 26.Be2 Qe6 27.Qb3 Qf5 28.Rd1 Rf4 29.Qe3 Rh4
30.Qf3 Rf4 31.Qe3 Rh4  1/2-1/2

[Event "Foxwoods op"]
[Site "Mashantucket"]
[Date "1999.04.02"]
[Round "2"]
[White "Filatov, Leonid"]
[Black "Shabalov, Alexander"]
[Result "0-1"]
[WhiteElo "2308"]
[BlackElo "2620"]

1.d4 d6 2.h3 g6 3.Nf3 Bg7 4.c3 f5 5.Bf4 Nf6 6.e3 O-O 7.Bc4+ e6 8.Qb3 Qe7
9.O-O Nc6 10.Qc2 Kh8 11.Bh2 e5 12.Na3 a6 13.Rad1 Bd7 14.b4 e4 15.Nd2 g5 16.Rde1 Rae8
17.Nab1 Bh6 18.Kh1 d5 19.Be2 f4 20.a3 b5 21.a4 Nd8 22.axb5 axb5 23.Nb3 Nf7
24.Nc5 Nd6 25.Nxd7 Qxd7 26.Nd2 Nf5 27.exf4 gxf4 28.Nb3 f3 29.gxf3 Nh4 30.Rg1 exf3
31.Bd3 Rxe1 32.Rxe1 Qxh3 33.Rg1 Bf4 34.Rg3 Bxg3 35.fxg3 Ng4  0-1

[Event "Foxwoods op"]
[Site "Mashantucket"]
[Date "1999.04.03"]
[Round "5"]
[White "Shabalov, Alexander"]
[Black "Kaufman, Larry C"]
[Result "1/2-1/2"]
[WhiteElo "2620"]
[BlackElo "2410"]

1.e4 e5 2.Nf3 Nc6 3.d4 exd4 4.Nxd4 Bc5 5.Be3 Qf6 6.c3 Nge7 7.Bc4 O-O 8.O-O Qg6
9.Nd2 Bxd4 10.cxd4 d5 11.exd5 Nb4 12.Nf3 Nbxd5 13.Ne5 Qb6 14.Qh5 Be6 15.Bd3 Nf6
16.Qh4 Bf5 17.Bc4 Rad8 18.Bb3 Nfd5 19.Rac1 c6 20.Rfe1 f6 21.Nc4 Qc7 22.Bd2 Kh8
23.Ba5 b6 24.Bd2 Bg6 25.Ne3 Nf4 26.Qg3 Rxd4 27.Nf1 Nf5 28.Bxf4 Qxf4 29.Qxf4 Rxf4
30.Rxc6  1/2-1/2

[Event "Foxwoods op"]
[Site "Mashantucket"]
[Date "1999.04.04"]
[Round "7"]
[White "Shabalov, Alexander"]
[Black "Young, Angelo"]
[Result "0-1"]
[WhiteElo "2620"]
[BlackElo "2398"]

1.e4 c5 2.Nf3 Nc6 3.d4 cxd4 4.Nxd4 g6 5.c4 Bg7 6.Be3 Nf6 7.Nc3 O-O 8.Be2 Ne8
9.O-O Nc7 10.Rc1 b6 11.Qd2 Bb7 12.Rfd1 Ne6 13.Nb3 d6 14.f4 Rc8 15.Bf3 Re8
16.Qf2 Qc7 17.Bg4 Rcd8 18.Nd5 Qb8 19.Qh4 Bxb2 20.e5 Bxc1 21.Bxc1 dxe5 22.f5 Nf4
23.f6 Nxd5 24.cxd5 exf6 25.Rd3 Bc8 26.Bxc8 Qxc8 27.Qxf6 Ne7 28.Rf3 Nf5 29.g4 Rd6
30.Qg5 Nd4 31.Nxd4 exd4 32.Ba3 Rd7 33.Qf6 Qc4 34.Bb2 Re1+ 35.Kg2 Re2+ 36.Kh3 Rxb2
37.Qe5 Qc8  0-1

[Event "CCA ChessWise op"]
[Site "Stratton Mountain"]
[Date "1999.06.12"]
[Round "2"]
[White "Shabalov, Alexander"]
[Black "Sevillano, Enrico"]
[Result "0-1"]
[WhiteElo "2620"]
[BlackElo "2471"]

1.d4 Nf6 2.c4 c5 3.Nf3 cxd4 4.Nxd4 e5 5.Nb5 d5 6.cxd5 a6 7.N5c3 Bc5 8.h3 b5
9.g4 Qb6 10.e3 O-O 11.Bg2 Bb7 12.O-O Rd8 13.e4 Nbd7 14.Nd2 Ne8 15.Nb3 Nd6
16.a4 Rdc8 17.a5 Qd8 18.Nxc5 Rxc5 19.Na2 Rc4 20.Qe1 Nc5 21.Qe3 Rd4 22.b3 Rc8
23.Bb2 Rd3 24.Qe2 Rxb3 25.Bxe5 Ndxe4 26.Bxe4 Nxe4 27.Qxe4 Bxd5 28.Qf5 Rxh3
29.f3 Be6 30.Qe4 Qh4 31.Rfc1 Rd8 32.Nc3 b4 33.Rd1 Re8 34.Ne2 f6 35.Bc7 Bf7
36.Qd3 h5 37.gxh5 Bc4  0-1

[Event "CCA ChessWise op"]
[Site "Stratton Mountain"]
[Date "1999.06.12"]
[Round "3"]
[White "Kalantarian, Norik"]
[Black "Shabalov, Alexander"]
[Result "0-1"]
[WhiteElo "2381"]
[BlackElo "2620"]

1.d4 e6 2.c4 b6 3.d5 f5 4.a3 Nf6 5.Nc3 Ba6 6.e3 g6 7.b4 Bg7 8.Bb2 O-O 9.Qb3 Qe7
10.Nge2 c5 11.dxc6 Nxc6 12.b5 Na5 13.Qa2 Bb7 14.Nd4 Rac8 15.a4 Rfd8 16.Ba3 Qf7
17.Bb4 e5 18.Nf3 Bxf3 19.gxf3 Nxc4 20.e4 fxe4 21.fxe4 Kh8 22.Bg2 Bf8 23.Bxf8 Qxf8
24.O-O Qb4 25.Rfc1 Qb2 26.Nd1 Qxa2 27.Rxa2 Nd6 28.Rac2 Rxc2 29.Rxc2 Rc8 30.Rxc8+ Nxc8
31.Nb2 Nd6 32.f3 Kg7 33.Kf2 Kf7 34.Ke3 Nh5 35.Bf1 Nf4 36.Bc4+ Ke7 37.Bg8 h6
38.Bb3 Nb7 39.Nc4 Kf6 40.Ba2 g5 41.Kd2 h5 42.Ke3 Ne6 43.Bb1 Nd4 44.Kf2 Nc5
45.Nb2 Nde6 46.Bc2 Nc7 47.Nc4 Ke6 48.Kg3 d5 49.Nd2 Kf6 50.exd5 Nxd5 51.h4 Ne3
52.Bb1 Nf5+ 53.Kf2 Nxh4  0-1

[Event "CCA ChessWise op"]
[Site "Stratton Mountain"]
[Date "1999.06.13"]
[Round "5"]
[White "Fedorowicz, John P"]
[Black "Shabalov, Alexander"]
[Result "1-0"]
[WhiteElo "2574"]
[BlackElo "2620"]

1.e4 c5 2.Nf3 Nc6 3.Bb5 e6 4.O-O Nge7 5.Re1 Ng6 6.c3 a6 7.Ba4 c4 8.d4 cxd3
9.Qxd3 Be7 10.Be3 O-O 11.Nbd2 b5 12.Bc2 Qc7 13.Qe2 Bb7 14.Rad1 Rac8 15.a3 Na5
16.Ng5 h6 17.Nh3 d5 18.exd5 Bxd5 19.Qh5 Qb7 20.Bxh6 Bxg2 21.Bxg6 Rc5 22.Re5 fxg6
23.Qxg6 Rf7 24.Rxc5 Bxh3 25.Rh5 Bf5 26.Qg3 Qd5 27.Re1 Nc6 28.Nf1 Bd6 29.Bf4 e5
30.Qh4 Rf6 31.Bg3 Bc5 32.Rh8+ Kf7 33.Qh5+ Bg6 34.Qg4 Ne7 35.Rd1 Qc6 36.Rhd8 Rf5
37.R1d2 Bh5 38.Qh3 Qe4 39.b4 Bb6 40.R8d7 Bg4 41.Qh4 Rf6 42.h3  1-0

[Event "CCA ChessWise op"]
[Site "Stratton Mountain"]
[Date "1999.06.15"]
[Round "7"]
[White "Miton, Kamil"]
[Black "Shabalov, Alexander"]
[Result "1/2-1/2"]
[WhiteElo "2383"]
[BlackElo "2620"]

1.d4 e6 2.e4 d5 3.Nc3 Bb4 4.e5 Ne7 5.a3 Bxc3+ 6.bxc3 c5 7.h4 Nbc6 8.h5 Qa5
9.Bd2 cxd4 10.cxd4 Qa4 11.h6 Qxd4 12.Nf3 Qe4+ 13.Be2 Nxe5 14.Bc3 f6 15.hxg7 Rg8
16.Nxe5 fxe5 17.Qd3 Qxd3 18.Bxd3 d4 19.Bb4 Rxg7 20.Rxh7 Rxh7 21.Bxh7 Nc6
22.Bg6+ Kd7 23.O-O-O Nxb4 24.axb4 Ke7 25.f4 Kf6 26.Be4 exf4 27.Rxd4 Ke5 28.c3 a5
29.b5 a4 30.Kb2 a3+ 31.Ka2 Kf6 32.Rd8 Ke7 33.Rh8 Kd6 34.Bf3 Kc5 35.Bg4 Kxb5
36.Ka1 b6 37.Bxe6 Bb7 38.Rh5+ Ka6 39.Bc4+ Ka7 40.Bd5 Bxd5 41.Rxd5 Rg8 42.Rd2 Rg3
43.Rc2 Ka6 44.Ka2 Kb5 45.Kxa3 Kc4 46.Kb2 Kd3 47.Rf2 Ke3 48.Rc2 b5 49.Kb3 Rg4
50.Ra2 Rh4 51.Rb2 Rh1 52.Kb4 Rc1 53.Ra2 Rb1+ 54.Kc5 Rb3 55.Rc2 Ke4 56.Re2+ Kd3
57.Rf2 Ke3 58.Rc2 Rb1 59.Ra2 Rb3 60.Rc2 Kd3 61.Rf2 Rxc3+ 62.Kxb5  1/2-1/2

[Event "World op Champions"]
[Site "Philadelphia"]
[Date "1999.06.26"]
[Round "1"]
[White "Hoekstra, Matthew"]
[Black "Shabalov, Alexander"]
[Result "0-1"]
[WhiteElo "2171"]
[BlackElo "2620"]

1.e4 c5 2.Nf3 Nc6 3.Bb5 e6 4.O-O Nge7 5.Nc3 Ng6 6.Bxc6 bxc6 7.e5 Be7 8.Ne4 f6
9.d4 cxd4 10.Qxd4 fxe5 11.Nxe5 Nxe5 12.Qxe5 O-O 13.Be3 d5 14.Rad1 Qa5 15.Bd4 Rf7
16.Nd6 Bxd6 17.Qxd6 Qc7 18.Qxc7 Rxc7 19.Bc5 Rb7 20.b3 Rb5 21.b4 a5 22.a3 Rbb8
23.Ra1 Ba6 24.Rfc1 Bc4 25.Bd6 Re8 26.Bc7 axb4 27.axb4 Rxa1 28.Rxa1 e5 29.Re1 e4
30.Bb6 Ra8 31.Bd4 Ra2 32.c3 Kf7 33.h4 g6 34.Kh2 Ke6 35.Kg3 Kf5 36.f3 Bd3
37.f4 h5 38.Bh8 Bc4 39.Bd4 Rd2 40.Ra1 Rd3+ 41.Kh2 e3 42.Ra8 e2 43.Re8 Rd1
44.Bf2 Kxf4 45.Bg3+ Kf5 46.Re5+ Kf6 47.Re8 Rf1 48.Re3 g5 49.Rf3+ Kg6 50.Re3 gxh4
51.Bxh4 Kf5 52.Re8 Rc1 53.Re3 Kg4 54.Bf2 Rf1 55.Rg3+ Kf5 56.Rf3+ Kg6  0-1

[Event "World op Champions"]
[Site "Philadelphia"]
[Date "1999.06.26"]
[Round "2"]
[White "Shabalov, Alexander"]
[Black "Ardaman, Miles"]
[Result "0-1"]
[WhiteElo "2620"]
[BlackElo "2351"]

1.e4 Nc6 2.d4 d5 3.e5 Bf5 4.Nf3 Qd7 5.Be2 f6 6.O-O e6 7.c3 Nge7 8.b4 Ng6
9.b5 Na5 10.Qa4 b6 11.Be3 a6 12.Nbd2 h5 13.Rfe1 Kf7 14.Nf1 Be7 15.N3d2 h4
16.g4 hxg3 17.fxg3 Bh3 18.Rab1 fxe5 19.dxe5 Bf5 20.Rbc1 axb5 21.Qd1 Nxe5
22.Bd4 Nec4 23.Bh5+ Kg8 24.g4 Rxh5 25.gxh5 c5 26.Bf2 Nb2  0-1

[Event "World op"]
[Site "Philadelphia"]
[Date "1999.06.27"]
[Round "1"]
[White "Dean, Jim H"]
[Black "Shabalov, Alexander"]
[Result "1/2-1/2"]
[WhiteElo "2334"]
[BlackElo "2620"]

1.e4 Nf6 2.e5 Nd5 3.Nc3 Nb6 4.d4 d6 5.Nf3 Bg4 6.h3 Bh5 7.Be2 e6 8.O-O d5
9.a4 a6 10.a5 N6d7 11.Na4 Nc6 12.Bg5 Qb8 13.c4 Nb4 14.Nc3 h6 15.Be3 Be7 16.cxd5 Nxd5
17.Nxd5 exd5 18.Qd2 c6 19.Rfe1 Nf8 20.Nh2 Bxe2 21.Rxe2 Qc7 22.f4 f5 23.exf6 gxf6
24.f5 O-O-O 25.Bxh6 Bd6 26.Ng4 Qh7 27.Rf1 Nd7 28.Bf4 Bxf4 29.Qxf4 Qf7 30.Rfe1 Qf8
31.Re7 Rg8 32.R1e6 Rg7 33.Qd6 Qg8 34.Rxg7 Qxg7 35.Re7 Qg5 36.Ne3 Qh4 37.Ng4 Qg5
38.Ne3 Qh4 39.Ng4 Qg5  1/2-1/2

[Event "World op Champions"]
[Site "Philadelphia"]
[Date "1999.06.27"]
[Round "3"]
[White "Shabalov, Alexander"]
[Black "Rubenchik, Rodion"]
[Result "1/2-1/2"]
[WhiteElo "2620"]
[BlackElo "2302"]

1.e4 c6 2.d4 d5 3.e5 Bf5 4.Nc3 e6 5.g4 Bg6 6.Nge2 c5 7.Be3 Nc6 8.dxc5 Nxe5
9.Nf4 Ne7 10.Bb5+ N7c6 11.Qe2 d4 12.O-O-O Bxc5 13.Nxg6 hxg6 14.f4 Qb6 15.Bxd4 Bxd4
16.Na4 Qc7 17.Rxd4 O-O 18.Rd2 a6 19.fxe5 axb5 20.Qxb5 Ra5 21.Qb3 Rfa8 22.Nc3 b5
23.Re1 b4 24.Nb1 Rxa2 25.Qc4 Ra1 26.c3 Qa5 27.Qxc6 Rxb1+ 28.Kxb1 b3 29.Qxa8+ Qxa8
30.Rde2 Qa2+ 31.Kc1 Qa1+ 32.Kd2 Qxb2+ 33.Kd3 Qa3 34.Rb1 Qa6+ 35.c4 Qb7 36.Re3 Qb4
37.Rb2 g5 38.Rf3 Qe1 39.Rxb3 Qxe5 40.Rc3 f5 41.gxf5 exf5 42.c5 g4 43.Re3 Qd5+
44.Kc2 f4 45.Re1 f3 46.c6 f2 47.Rf1 Qa2+ 48.Kd3 Qd5+ 49.Kc2 Qa2+ 50.Kd3 Qd5+  1/2-1/2

[Event "World op Champions"]
[Site "Philadelphia"]
[Date "1999.06.27"]
[Round "4"]
[White "Barash, Danny"]
[Black "Shabalov, Alexander"]
[Result "1/2-1/2"]
[WhiteElo "2254"]
[BlackElo "2620"]

1.e4 c5 2.Nf3 Nc6 3.d4 cxd4 4.Nxd4 e5 5.Nb5 d6 6.c4 Be7 7.Be2 f5 8.exf5 Bxf5
9.Bg5 Bxg5 10.Nxd6+ Kf8 11.Nxf5 Qxd1+ 12.Bxd1 Bc1 13.a3 g6 14.Nd6 Bxb2 15.Ra2 Bd4
16.Bf3 Nge7 17.Nd2 Rd8 18.Nb5 Bb6 19.O-O Kg7 20.Ne4 Rhf8 21.c5 Ba5 22.Ng5 Rf6
23.Ne4 Rf4 24.Ng5 Rf6 25.Ne4  1/2-1/2

[Event "World op Champions"]
[Site "Philadelphia"]
[Date "1999.06.27"]
[Round "5"]
[White "Shabalov, Alexander"]
[Black "Formanek, Edward W"]
[Result "1-0"]
[WhiteElo "2620"]
[BlackElo "2291"]

1.d4 Nf6 2.c4 c5 3.Nf3 cxd4 4.Nxd4 e6 5.g3 Nc6 6.Bg2 Bb4+ 7.Nc3 Qa5 8.O-O Nxd4
9.Qxd4 Qc5 10.Qd3 Qa5 11.Nb5 O-O 12.a3 Be7 13.b4 Qd8 14.c5 Ne8 15.Bf4 a6
16.Nd6 Bxd6 17.Bxd6 Nxd6 18.Qxd6 Re8 19.f4 Qe7 20.Rad1 Qxd6 21.Rxd6 Kf8 22.a4 Ke7
23.a5 Rb8 24.e4  1-0

[Event "World op"]
[Site "Philadelphia"]
[Date "1999.07.03"]
[Round "5"]
[White "Turgut, Tansel"]
[Black "Shabalov, Alexander"]
[Result "0-1"]
[WhiteElo "2353"]
[BlackElo "2624"]

1.d4 d5 2.Nf3 Nf6 3.Bf4 e6 4.e3 Be7 5.Nbd2 b6 6.Ne5 Bb7 7.Bb5+ c6 8.Bd3 O-O
9.c3 c5 10.Qf3 a5 11.g4 Nfd7 12.g5 Bxg5 13.Qh3 f5 14.Bxg5 Qxg5 15.f4 Qe7
16.Ndf3 Rf6 17.Rg1 Nf8 18.Kf2 Bc6 19.Rg5 Be8 20.Rag1 g6 21.Qg2 Nbd7 22.h4 Nxe5
23.fxe5 Rf7 24.h5 Rg7 25.h6 Rf7 26.Nh4 Kh8 27.Kf3 Ra7 28.Kf4 Qd8 29.Qh2 Rfc7
30.Nf3 b5 31.R5g2 b4 32.Rd1 cxd4 33.exd4 a4 34.a3 bxa3 35.bxa3  0-1

[Event "World op"]
[Site "Philadelphia"]
[Date "1999.07.04"]
[Round "6"]
[White "Shabalov, Alexander"]
[Black "Payen, Arnaud"]
[Result "1-0"]
[WhiteElo "2620"]
[BlackElo "2415"]

1.e4 e5 2.Nc3 Nf6 3.Bc4 Nc6 4.d3 Bc5 5.f4 d6 6.Nf3 exf4 7.Bxf4 Be6 8.Bb5 d5
9.e5 Nd7 10.d4 Be7 11.a3 O-O 12.O-O f6 13.exf6 Bxf6 14.Qd2 a6 15.Bxc6 bxc6
16.Rae1 Bf5 17.Ne5 Nxe5 18.Bxe5 Bxe5 19.Rxe5 Bg6 20.Rxf8+ Qxf8 21.Na4 Qf6
22.Nc5 Rf8 23.Qe1 Be4 24.h3 Bxg2 25.Nd7 Qf3 26.Re8  1-0

[Event "World op"]
[Site "Philadelphia"]
[Date "1999.07.04"]
[Round "7"]
[White "Novikov, Igor A"]
[Black "Shabalov, Alexander"]
[Result "1/2-1/2"]
[WhiteElo "2601"]
[BlackElo "2620"]

1.d4 e6 2.c4 b6 3.a3 f5 4.Nc3 Nf6 5.Nf3 Ba6 6.b3 g6 7.g3 Bg7 8.Bg2 O-O 9.O-O c6
10.a4 d5 11.Ba3 Re8 12.cxd5 exd5 13.Ne5 c5 14.f4 Ne4 15.Rc1 cxd4 16.Nb5 Bxb5
17.axb5 Nd7 18.Nc6 Qf6 19.Bb2 Qf7  1/2-1/2

[Event "MK Cafe Cup-A"]
[Site "Koszalin"]
[Date "1999.08.03"]
[Round "1"]
[White "Shabalov, Alexander"]
[Black "Skripchenko, Almira"]
[Result "1-0"]
[WhiteElo "2566"]
[BlackElo "2456"]

1.e4 c5 2.Nf3 Nc6 3.d4 cxd4 4.Nxd4 Qc7 5.Nb5 Qb8 6.N1c3 a6 7.Nd4 e6 8.g3 Nf6
9.Bg2 Qc7 10.O-O Bc5 11.Nb3 Ba7 12.a4 d6 13.a5 Ne5 14.h3 h5 15.Na4 Nc4 16.Qd3 Bd7
17.Qc3 Rc8 18.Rd1 O-O 19.Qe1 Rfe8 20.Nc3 d5 21.Nd4 e5 22.Nf3 d4 23.Nd5 Nxd5
24.exd5 Bf5 25.Qe2 Nxa5 26.d6 Qd8 27.Ng5 Rxc2 28.Qxh5 Bg6 29.Qxg6 fxg6 30.Bd5+ Re6
31.Bxe6+  1-0

[Event "MK Cafe Cup-A"]
[Site "Koszalin"]
[Date "1999.08.04"]
[Round "2"]
[White "Shabalov, Alexander"]
[Black "Epishin, Vladimir"]
[Result "1-0"]
[WhiteElo "2566"]
[BlackElo "2657"]

1.e4 c6 2.d4 d5 3.e5 Bf5 4.Nc3 Qb6 5.Bd3 Bxd3 6.Qxd3 e6 7.Nge2 Ne7 8.O-O Na6
9.Nf4 c5 10.Na4 Qc7 11.dxc5 Nc6 12.c4 dxc4 13.Qxc4 Qxe5 14.Be3 O-O-O 15.a3 Be7
16.b4 Rd4 17.Qc1 Re4 18.Ne2 Nc7 19.Nac3 Rg4 20.f4 Qh5 21.Ng3 Qg6 22.Ra2 a6
23.Rd2 f5 24.Na4 Nd5 25.Nb6+ Nxb6 26.cxb6 Kb8 27.Rd7 Rc8 28.Rfd1 e5 29.fxe5 Qe6
30.Qd2 Nxe5 31.Bf4 Bf6 32.Kh1 g5 33.Rd6 Qc4 34.Rxf6 gxf4 35.Nxf5 f3 36.Qd6+ Ka8
37.Qxe5 Rxg2 38.Ne3 Qe2 39.Qf4 f2 40.h3 Re8 41.Nxg2 Qxd1+ 42.Kh2 Qg1+ 43.Kg3  1-0

[Event "MK Cafe Cup-A"]
[Site "Koszalin"]
[Date "1999.08.05"]
[Round "3"]
[White "Bobrowska, Monika"]
[Black "Shabalov, Alexander"]
[Result "0-1"]
[WhiteElo "2438"]
[BlackElo "2566"]

1.d4 g6 2.c4 Bg7 3.Nc3 c5 4.d5 Bxc3+ 5.bxc3 f5 6.h4 Nf6 7.h5 Rg8 8.hxg6 hxg6
9.Nf3 d6 10.Ng5 Qa5 11.Qc2 Nbd7 12.f4 Nb6 13.e3 Bd7 14.Bd2 O-O-O 15.Be2 Rde8
16.Qd3 Qa4 17.O-O Kc7 18.Rfd1 e6 19.Be1 exd5 20.cxd5 Ne4 21.c4 Nxg5 22.fxg5 Re4
23.Rdc1 Rge8 24.Bf2 f4 25.Bd1 Qa6 26.exf4 Bf5 27.Qc3 Rxc4 28.Qg7+ Nd7 29.Bf3 Rxf4
30.Bg3 Qa4 31.Bxf4 Qxf4 32.Re1 Re3 33.Rf1 Qxg5 34.Rae1 Qf4 35.Rd1 Re5 36.Rfe1 Kb6
37.Rb1+ Kc7 38.Rbd1 Bc2 39.Rc1 Qd4+  0-1

[Event "MK Cafe Cup-A"]
[Site "Koszalin"]
[Date "1999.08.07"]
[Round "5"]
[White "Khenkin, Igor"]
[Black "Shabalov, Alexander"]
[Result "0-1"]
[WhiteElo "2633"]
[BlackElo "2566"]

1.d4 e6 2.c4 b6 3.e4 Bb7 4.Bd3 f5 5.exf5 Bb4+ 6.Kf1 Nf6 7.Be2 O-O 8.c5 bxc5
9.a3 Ba5 10.dxc5 Ne4 11.b4 Qf6 12.Ra2 Bd5 13.Rb2 Nc6 14.Nf3 Rab8 15.fxe6 dxe6
16.h4 Nxc5 17.Qc2 Ne4 18.bxa5 Nd4 19.Qd3 Nb3 20.Rc2 Nbc5 21.Rxc5 Nxc5 22.Qc2 Be4
23.Qxc5 Rxb1  0-1

[Event "MK Cafe Cup-A"]
[Site "Koszalin"]
[Date "1999.08.10"]
[Round "7"]
[White "Tukmakov, Vladimir B"]
[Black "Shabalov, Alexander"]
[Result "0-1"]
[WhiteElo "2557"]
[BlackElo "2566"]

1.d4 e6 2.Nf3 Nf6 3.c4 d5 4.Nc3 Be7 5.Bg5 h6 6.Bh4 O-O 7.e3 b6 8.Be2 Bb7
9.Bxf6 Bxf6 10.cxd5 exd5 11.b4 c6 12.O-O a5 13.bxa5 Rxa5 14.a4 Bc8 15.Qc2 Be6
16.Rfd1 c5 17.Bb5 Na6 18.Rac1 Qa8 19.e4 Nb4 20.Qb1 Rc8 21.dxc5 bxc5 22.exd5 Nxd5
23.Ne4 Be7 24.Ne5 Nf4 25.Nc4 Ne2+ 26.Kh1 Nxc1 27.Nb6 Rd8 28.Rxc1 Qb7 29.Nc4 Raa8
30.Ne3 Rd4 31.Nc3 Bg5 32.Re1 Rad8  0-1

[Event "MK Cafe Cup-A"]
[Site "Koszalin"]
[Date "1999.08.11"]
[Round "8"]
[White "Novikov, Igor A"]
[Black "Shabalov, Alexander"]
[Result "1/2-1/2"]
[WhiteElo "2614"]
[BlackElo "2566"]

1.d4 e6 2.c4 Nf6 3.Nf3 d5 4.Nc3 Be7 5.Bg5 h6 6.Bh4 O-O 7.e3 b6 8.Bd3 c5 9.dxc5 bxc5
10.cxd5 Nxd5 11.Bxe7 Qxe7 12.Rc1 Rd8 13.Qe2 Bb7 14.O-O Nxc3 15.Rxc3 e5  1/2-1/2

[Event "Wichern op 5th"]
[Site "Hamburg"]
[Date "1999.10.15"]
[Round "1"]
[White "Knopp, Ingmar"]
[Black "Shabalov, Alexander"]
[Result "0-1"]
[WhiteElo "2069"]
[BlackElo "2566"]

1.d4 e6 2.c4 b6 3.Nc3 Bb7 4.e3 f5 5.Qc2 Nf6 6.Nf3 g6 7.Bd2 Bg7 8.Bd3 O-O
9.O-O-O c5 10.d5 Na6 11.a3 exd5 12.cxd5 Nc7 13.Bc4 d6 14.Qb3 Rb8 15.Ng5 Qe7
16.e4 fxe4 17.Rhe1 b5 18.Nxb5 Nxb5 19.Qxb5 Bxd5 20.Bxd5+ Nxd5 21.Qc4 Qe5
22.Bc3 Qxg5+ 23.Re3 Rxf2 24.Qxd5+ Qxd5  0-1

[Event "Wichern op 5th"]
[Site "Hamburg"]
[Date "1999.10.16"]
[Round "2"]
[White "Shabalov, Alexander"]
[Black "Andersen, Lars Even"]
[Result "1-0"]
[WhiteElo "2566"]
[BlackElo "2238"]

1.Nf3 Nf6 2.g3 c5 3.Bg2 g6 4.O-O Nc6 5.d3 Bg7 6.e4 d6 7.Re1 Nd7 8.Nbd2 Rb8
9.a4 a6 10.Nc4 b5 11.axb5 axb5 12.Ne3 O-O 13.h4 h5 14.Ng5 Nde5 15.f4 Ng4
16.e5 Nd4 17.c3 Nxe3 18.Bxe3 Bg4 19.Qb1 Ne6 20.d4 Nxg5 21.hxg5 dxe5 22.dxe5 Qc7
23.Ra6 Rfc8 24.Qa2 Bf8 25.Rxg6+ Bg7 26.Ra6 e6 27.Be4 b4 28.Ra7 Qd8 29.c4 Rc7
30.b3 Qe7 31.Rxc7 Qxc7 32.Qf2 Bf8 33.Bf3 Rd8 34.Bxg4 hxg4 35.Qe2 Qd7 36.Qxg4 Qd3
37.Bf2 Qxb3 38.g6 Bg7 39.gxf7+ Kxf7 40.f5 exf5 41.Qxf5+ Kg8 42.Qe6+ Kh7 43.Kg2 Rd1
44.Re4 Rd4 45.Qf5+  1-0

[Event "Wichern op 5th"]
[Site "Hamburg"]
[Date "1999.10.20"]
[Round "7"]
[White "Hermesmann, Hans"]
[Black "Shabalov, Alexander"]
[Result "0-1"]
[WhiteElo "2271"]
[BlackElo "2566"]

1.d4 e6 2.c4 b6 3.a3 f5 4.Nc3 Nf6 5.d5 Ba6 6.b3 g6 7.Bb2 Bg7 8.g3 O-O 9.Bg2 Bb7
10.Nh3 e5 11.O-O h6 12.e4 d6 13.f4 Ng4 14.Qd2 Nd7 15.Rae1 Rf7 16.fxe5 dxe5
17.b4 a6 18.Nd1 Qf8 19.Bc1 Qd6 20.Qc2 Raf8 21.Ne3 Nxe3 22.Bxe3 c5 23.Qd2 Kh7
24.Re2 Bc8 25.exf5 gxf5 26.Ref2 Kh8 27.Kh1 Rf6 28.Qc2 cxb4 29.axb4 Qxb4 30.Bd2 Qc5
31.Rxf5 Rxf5 32.Rxf5 Rxf5 33.Qxf5 Qxc4 34.Ng5 Nf8 35.Nf7+ Kg8 36.Nxe5 Qc7
37.d6 Bxf5  0-1